[Event "Champions Showdown Kings Rapid 2019-D"]
[Site "Saint Louis"]
[Date "2019.02.21"]
[Round "7.4"]
[White "Topalov, Veselin"]
[Black "Dominguez Perez, Leinier"]
[Result "1/2-1/2"]
[WhiteElo "2740"]
[BlackElo "2739"]
[Annotator "TA"]
[PlyCount "107"]
[EventDate "2019.02.09"]
[EventType "match (rapid)"]
[EventCountry "USA"]
[SourceTitle "playchess.com"]
[Source "ChessBase"]
[SourceQuality "1"]

{[%evp 14,107,19,4,14,2,0,0,5,5,12,7,36,39,8,0,17,18,33,31,34,39,31,38,31,31,39,31,33,35,29,33,35,35,29,31,24,40,87,91,85,60,70,68,67,64,58,13,16,14,40,0,0,0,32,0,4,0,0,0,0,-7,0,0,0,0,0,0,0,0,0,0,0,0,0,0,0,0,0,0,0,0,0,-8,0,0,0,-45,0,0,0,-8,0,0,0,-35]} 1. e4 e5 2. Nf3 Nf6 3. Nxe5 d6 4. Nf3 Nxe4 5. Qe2 Qe7 6. d3 Nf6 7. Nc3 Qxe2+ 8. Bxe2 g6 {C42: Petroff Defence: 3 Nxe5 and unusual White 3rd moves} (8... Be7 9. O-O O-O 10. Re1 a6 11. Bf1 Nc6 12. h3 Re8 13. Bd2 {½-½ (13) Ni,H (2683)-Wei,Y (2728) Makati 2018}) 9. h3 Bg7 10. Nd4 $146 ({Predecessor:} 10. Bf4 O-O 11. O-O-O a6 12. Nd4 Bd7 13. Bf3 Nc6 14. Nxc6 Bxc6 15. Bxc6 bxc6 {½-½ (52) Lagarde,M (2593)-Fries,F (2302) Germany 2017}) 10... Bd7 11. Bf3 Nc6 12. Be3 Ne5 13. Bxb7 Rb8 14. Bd5 c5 15. Nb3 Nxd5 16. Nxd5 Bc6 17. Nf4 a5 18. O-O-O a4 19. Na5 Rb5 20. Nxc6 Nxc6 21. c3 a3 22. Rd2 Kd7 23. Nd5 axb2+ 24. Rxb2 Rxb2 25. Kxb2 Ke6 {[#]} 26. Nf4+ $1 Kd7 27. Ra1 Rb8+ 28. Kc2 Nb4+ 29. Kd2 Nc6 30. Rc1 Ra8 31. Rc2 Ne5 32. d4 Nc4+ $1 33. Kd3 Ra4 (33... Na3 {is more complex.} 34. Rd2 c4+ 35. Ke4 Nb1 36. Rc2 Rxa2 37. Rc1 Nd2+) 34. Bc1 Nb6 {[%cal Rc5d4]} 35. dxc5 dxc5 36. c4 Kc6 37. g3 Ra8 38. h4 Rd8+ 39. Ke2 Re8+ 40. Kf3 Ra8 41. Nd3 Bd4 42. Be3 Bxe3 43. fxe3 $11 {[%mdl 4096] Endgame KRN-KRN} Kd6 44. Nf2 f5 45. e4 Ra4 46. exf5 gxf5 47. Nd3 Nxc4 48. Kf2 Kd5 49. Nf4+ Kc6 50. Nd3 Kd5 51. Nf4+ {The position is equal.} Kd6 52. Nd3 Ra3 53. Ke2 Ra4 54. Kf2 {[%mdl 64] Decoy. Accuracy: White = 66%, Black = 64%.} 1/2-1/2

[Event "Champions Showdown Kings Rapid 2019-D"]
[Site "Saint Louis"]
[Date "2019.02.21"]
[Round "8.4"]
[White "Dominguez Perez, Leinier"]
[Black "Topalov, Veselin"]
[Result "1-0"]
[WhiteElo "2739"]
[BlackElo "2740"]
[Annotator "TA"]
[PlyCount "75"]
[EventDate "2019.02.09"]
[EventType "match (rapid)"]
[EventCountry "USA"]
[SourceTitle "playchess.com"]
[Source "ChessBase"]
[SourceQuality "1"]

{[%evp 19,75,11,50,17,53,63,62,57,54,55,75,24,26,24,34,27,112,112,114,20,152,148,138,137,158,172,160,164,170,166,194,195,186,156,158,166,159,158,152,135,143,135,208,212,554,547,555,252,706,503,1198,619,1502,1470,29985,29986,29986,29987]} 1. e4 e6 2. d4 d5 3. Nc3 Bb4 4. e5 c5 {[%cal Bc7c5,Bc5d4][%mdl 32]} 5. a3 Ba5 6. b4 cxd4 7. Qg4 Kf8 {C18: French: 3 Nc3 Bb4: Main line: 7 h4 and 7 Qg4} 8. Nb5 Bb6 9. Nf3 Nc6 10. Bb2 a5 {LiveBook: 3 Games} (10... Nge7 {is more complex.} 11. Nbxd4 h5 12. Qf4 Ng6 13. Nxc6 bxc6 14. Qd2 a5) (10... Nge7 11. Bd3 Ng6 12. Qg3 f6 13. Bxg6 hxg6 14. Nbxd4 Nxe5 15. Nxe5 fxe5 {½-½ (24) Grischuk,A (2766)-Mamedyarov,S (2801) Saint Louis 2018 CBM 186 [Szabo,Kr]}) 11. Nbxd4 (11. Bd3 {is interesting.} Nge7 12. O-O Ng6 13. Qg3 f6 14. bxa5 Rxa5 15. exf6 Qxf6 16. Nbxd4 Nxd4 17. Qd6+) 11... axb4 12. Nxc6 bxc6 13. axb4 Rxa1+ 14. Bxa1 c5 $146 ({Predecessor:} 14... f5 15. Qf4 {0-1 (59) Solleveld,M (2521)-Tikkanen,H (548) Germany 2014}) 15. bxc5 (15. Be2 $1 $16) 15... Bxc5 $11 {Hoping for ...Qa5+.} 16. Bd3 Qa5+ 17. Ke2 {And now Bd4 would win.} Nh6 {[#]} (17... Ne7 $11) 18. Qf4 $1 $16 Ba6 19. Rb1 (19. Bd4 $16 Bxd4 20. Nxd4) 19... Rg8 (19... Ke7 $1 $11) 20. Bd4 Bxd4 21. Qxd4 (21. Rb8+ $6 Ke7 $11) 21... Bxd3+ 22. cxd3 (22. Qxd3 $6 g6 $11) 22... g5 23. g4 Kg7 24. Kf1 $40 {[%mdl 128] White goes for the king.} Rc8 {[#]} 25. Qe3 $1 {[%cal Re3g5]} (25. Nxg5 $6 Qc3 $14) 25... Qd8 26. h3 {[%cal Bh2h3,Bh3h4,Bh4h5][%mdl 32]} Ng8 27. Nxg5 h6 28. Nf3 Ne7 29. h4 Ra8 30. h5 {Qf4 is the strong threat.} Ra4 (30... d4 $16 {was worth a try.} 31. Qe4 (31. Nxd4 Ra4 $14) (31. Qxd4 Qxd4 32. Nxd4 Ra4 $11) 31... Ra7) 31. d4 $18 {aiming for Qf4.} Nc6 $2 (31... Ng8 {is more resistant.} 32. Kg2 Ra8) 32. Qf4 Qe7 33. Kg2 (33. Rb6 $142) 33... Rc4 $2 (33... Ra8 34. Rb5 Rg8) 34. Rb2 Rc3 (34... Ra4 $142 35. Rb6 Rc4) 35. Ra2 Rc4 36. Ra8 f6 37. exf6+ Qxf6 38. Rg8+ {Precision: White = 61%, Black = 28%.} 1-0

[Event "Champions Showdown Kings Rapid 2019-D"]
[Site "Saint Louis"]
[Date "2019.02.22"]
[Round "9.4"]
[White "Topalov, Veselin"]
[Black "Dominguez Perez, Leinier"]
[Result "1-0"]
[WhiteElo "2740"]
[BlackElo "2739"]
[Annotator "TA"]
[PlyCount "121"]
[EventDate "2019.02.09"]
[EventType "match (rapid)"]
[EventCountry "USA"]
[SourceTitle "playchess.com"]
[Source "ChessBase"]
[SourceQuality "1"]

{[%evp 10,121,0,0,0,0,0,0,42,9,29,6,0,-14,0,0,0,-15,-16,-33,33,29,34,35,45,3,4,18,79,50,48,42,70,54,52,47,85,78,264,84,92,100,84,80,76,72,98,41,40,43,99,99,98,60,60,61,70,70,66,58,60,47,63,56,55,37,37,37,150,133,245,245,243,236,220,213,208,198,673,546,554,476,260,194,761,702,1044,1002,1058,1030,29948,29946,29950,11830,1973,74,29965,29968,29967,29968,29969,29969,29963,5093,29978,29979,29989,29980,29980,29981,29981,29982,29982,29983]} 1. e4 e5 2. Bc4 Nf6 3. Nc3 Nxe4 4. Qh5 Nd6 5. Bb3 Be7 6. Qxe5 O-O $1 {C27: Vienna Game: 2...Nf6 3 Bc4 Nxe4} 7. Nf3 Ne8 (7... Nc6 8. Qf4 Na5 9. O-O Nxb3 10. axb3 b6 11. Nd5 Re8 12. d3 Bf8 13. Qg4 f6 14. Bd2 {0-1 (51) Forcen Esteban,D (2569)-Rakhmanov,A (2629) Linares 2018}) 8. d4 Nf6 $146 {The position is equal.} ({Predecessor:} 8... c6 9. Bf4 d5 10. O-O-O Bg4 11. Qe3 Nd6 12. Rde1 Bf6 13. Ne5 Be6 14. g4 {½-½ (55) Mikulu,L (1978)-Blaha,P (2099) Czechia 2010}) 9. O-O Nc6 10. Qf4 d5 11. Ne5 Na5 12. Re1 c6 13. Qg3 Bf5 14. Re2 Ne4 (14... Bd6 $15) 15. Nxe4 $14 Bxe4 16. Bf4 Bh4 17. Qg4 Nxb3 18. axb3 Be7 (18... Bf6 $11 {keeps the balance.}) 19. Rae1 (19. f3 $5 {[%cal Rf3e4]} Bg6 20. Qd7 $16 (20. Nxg6 hxg6 21. Rae1 Bh4 $14)) 19... Bd6 20. f3 Bg6 21. h4 Bxe5 22. Rxe5 {Hoping for h5.} Qc8 23. Qg3 {Black must now prevent h5.} h5 $2 (23... f6 $16 24. Re7 Rf7) 24. Kh2 $2 (24. Rg5 $1 $18) 24... Kh7 25. Re7 Qf5 26. R1e2 f6 27. Rxb7 {Strongly threatening Bb8.} Rfe8 28. Rd2 ({White should play} 28. Be3 $16) 28... a5 29. Bd6 a4 (29... Qc8 $14 30. Rc7 Qa6) 30. bxa4 $16 Rxa4 31. Qf4 Qxf4+ 32. Bxf4 Ra1 33. Kg3 Rae1 34. Kf2 {Be5 is the strong threat.} Rh1 35. Bg3 Bf5 36. Rc7 Re6 37. Re2 (37. b4 {seems wilder.} Rc1 38. Bf4 Kg6 39. Kg3 Ra1 40. c3) 37... Rxe2+ 38. Kxe2 Rc1 (38... Bxc2 $14 39. Bd6 (39. Rxc6 Bb3 $11) 39... Ba4) 39. Rxc6 Rxc2+ (39... Rb1 $16 {is a better defense.}) 40. Rxc2 $18 Bxc2 $16 {[%mdl 4096] Endgame KB-KB} 41. Kd2 Bf5 {[#]} 42. Kc3 $1 Kg8 43. Kb4 Kf7 $2 (43... Bc2 44. Kc5 Bb3) 44. Kc5 $18 Ke8 45. b4 Kd7 46. Bd6 Bd3 $2 (46... g5 47. hxg5 (47. Kxd5 gxh4 48. b5 h3 $16) 47... fxg5) 47. Bf8 g6 48. Bg7 Bf1 49. g4 hxg4 50. fxg4 Be2 51. Bxf6 Bxg4 52. b5 $2 (52. Be5 $18 {is the precise move to win.} Bf3 53. b5) 52... Be2 $2 {[%mdl 8192]} (52... Kc7 $16) 53. b6 Bc4 54. Bg5 Ba6 55. Kxd5 Bb7+ {[#]} 56. Ke5 $1 Bf3 57. d5 {White mates.} Bg2 58. Bf4 Kc8 59. Ke6 Kb7 60. d6 Bh3+ 61. Ke7 {Accuracy: White = 67%, Black = 34%.} 1-0

[Event "Champions Showdown Kings Rapid 2019-D"]
[Site "Saint Louis"]
[Date "2019.02.19"]
[Round "10.4"]
[White "Dominguez Perez, Leinier"]
[Black "Topalov, Veselin"]
[Result "1/2-1/2"]
[WhiteElo "2739"]
[BlackElo "2740"]
[Annotator "TA"]
[PlyCount "79"]
[EventDate "2019.02.09"]
[EventType "match (rapid)"]
[EventCountry "USA"]
[SourceTitle "playchess.com"]
[Source "ChessBase"]
[SourceQuality "1"]

{[%evp 14,79,8,12,10,10,10,6,12,18,21,10,17,13,17,9,0,0,25,9,16,-3,-3,-3,-3,-14,0,-7,0,0,0,0,0,0,0,-3,-8,-6,-9,0,-7,0,0,0,0,0,0,0,0,0,0,0,0,0,0,0,0,0,0,0,0,0,0,0,0,0,0,0]} 1. e4 e5 2. Nf3 Nc6 3. Bb5 Nf6 4. d3 Bc5 5. O-O d6 6. Nc3 O-O 7. Na4 {C48: Four Knights: 4 Bb5, replies other than 4...Bb4} (7. h3 Nd4 8. Nxd4 Bxd4 9. Ne2 Bb6 10. Ng3 h6 11. c3 c6 12. Ba4 Be6 13. Re1 Nd7 14. d4 exd4 15. cxd4 {½-½ (23) Movsesian,S (2671)-L'Ami,E (2611) Douglas 2017}) 7... Bb6 8. c3 {LiveBook: 5 Games} h6 9. Nxb6 axb6 10. Re1 Re8 11. h3 Bd7 12. Ba4 Ne7 13. Bc2 Ng6 14. d4 b5 $146 ({Predecessor:} 14... Bc6 15. d5 Bd7 16. Nh2 Nh7 17. Qf3 Ng5 18. Qg3 Qf6 {0-1 (65) Glimbrant,T (2218)-Lindberg,B (2402) Linkoping 2016}) 15. Bd2 b6 16. Nh2 d5 {The position is equal.} 17. dxe5 Rxe5 {[%cal Rd5e4]} 18. exd5 Rxd5 {Black wants to play ...Bxh3!} 19. Nf3 c5 20. Qb1 Nh4 21. Nxh4 {[#] Threatens to win with Nf3.} Rxd2 22. Qc1 Be6 23. Nf3 Rd6 24. a3 Nd5 25. Be4 Qf6 26. Qc2 Rad8 27. Rad1 Nf4 28. Rxd6 Rxd6 29. Rd1 Bc4 30. Rxd6 Qxd6 31. Qd2 Qxd2 32. Nxd2 $11 {[%mdl 4096] Endgame KBN-KBN} Bd3 33. Bc6 Kf8 34. h4 Ke7 35. g3 Ng6 36. f4 Kd6 37. Be8 Ke7 38. Bc6 Kd6 39. Be8 Ke7 40. Bc6 {Precision: White = 84%, Black = 84%.} 1/2-1/2

[Event "Champions Showdown Kings Rapid 2019-D"]
[Site "Saint Louis"]
[Date "2019.02.19"]
[Round "11.4"]
[White "Topalov, Veselin"]
[Black "Dominguez Perez, Leinier"]
[Result "1-0"]
[WhiteElo "2740"]
[BlackElo "2739"]
[Annotator "TA"]
[PlyCount "97"]
[EventDate "2019.02.09"]
[EventType "match (rapid)"]
[EventCountry "USA"]
[SourceTitle "playchess.com"]
[Source "ChessBase"]
[SourceQuality "1"]

{[%evp 10,97,0,2,0,-3,17,10,24,34,24,0,0,-8,0,0,0,-18,0,0,0,-15,-12,0,68,65,58,64,69,62,47,47,66,62,94,81,116,120,142,134,164,146,135,143,129,134,137,135,139,133,154,134,203,211,510,491,507,512,498,505,595,343,357,362,331,365,354,349,332,339,421,417,608,597,622,598,1398,954,1232,1320,1368,1126,1143,1067,1657,1566,2404,1577,5505,5397]} 1. e4 e5 2. Bc4 Nf6 3. Nc3 Nxe4 4. Qh5 Nd6 5. Bb3 Be7 6. Qxe5 O-O $1 {C27: Vienna Game: 2...Nf6 3 Bc4 Nxe4} 7. Nf3 Ne8 (7... Nc6 8. Qf4 Na5 9. O-O Nxb3 10. axb3 b6 11. Nd5 Re8 12. d3 Bf8 13. Qg4 f6 14. Bd2 {0-1 (51) Forcen Esteban,D (2569)-Rakhmanov,A (2629) Linares 2018}) 8. d4 Nf6 $146 {The position is equal.} ({Predecessor:} 8... c6 9. Bf4 d5 10. O-O-O Bg4 11. Qe3 Nd6 12. Rde1 Bf6 13. Ne5 Be6 14. g4 {½-½ (55) Mikulu,L (1978)-Blaha,P (2099) Czechia 2010}) 9. O-O Nc6 10. Qf4 d5 11. Ne5 Na5 12. Re1 c6 13. Qf3 Nxb3 14. axb3 Ne8 15. Bf4 Nd6 16. Ne2 Bf5 {[#]} (16... Nf5 $11) 17. Nxc6 $1 $14 {[%mdl 512]} bxc6 18. Bxd6 $1 {[%mdl 64] Discovered Attack} Bxc2 19. Bxe7 Qxe7 20. Qc3 $1 $36 {[%cal Rc3c2][%mdl 2048] White has the initiative.} Bg6 21. Qxc6 Rfe8 {Strongly threatening ...Bd3.} 22. h3 ({Don't blunder} 22. Qxd5 $2 Bd3 $17) 22... Rac8 23. Qxd5 Red8 24. Qa5 Qf6 25. Rac1 Rb8 26. Rc3 a6 27. Re3 h6 28. Rc1 Kh7 29. Rc5 Rd7 30. Qc3 Rdd8 (30... Qd8 $16 31. Qc1 Rdb7) 31. d5 $18 Qf5 $2 (31... Qd6 32. Qd4 Rb6) 32. Nd4 Qb1+ 33. Re1 Qd3 34. Nc6 Qxc3 35. Rxc3 Re8 36. Rxe8 Rxe8 {[%mdl 4096] Endgame KRB-KRN} 37. Re3 Rc8 38. g4 f6 39. Re7 Be8 40. Nd4 Kg8 (40... Bb5 $142 41. Nf5 Kh8 42. Nxg7 Rd8) 41. d6 {White is clearly winning.} Rd8 {[#]} 42. Rxg7+ $1 {[%mdl 576] Decoy} Kxg7 43. Ne6+ {[%mdl 64] Double Attack} Kg6 44. Nxd8 Bb5 45. Ne6 Kf7 46. Nc7 Bd3 47. b4 f5 48. Kg2 Kf6 49. Nd5+ {Accuracy: White = 74%, Black = 38%.} 1-0

[Event "Champions Showdown Kings Rapid 2019-D"]
[Site "Saint Louis"]
[Date "2019.02.19"]
[Round "12.4"]
[White "Dominguez Perez, Leinier"]
[Black "Topalov, Veselin"]
[Result "0-1"]
[WhiteElo "2739"]
[BlackElo "2740"]
[Annotator "TA"]
[PlyCount "78"]
[EventDate "2019.02.09"]
[EventType "match (rapid)"]
[EventCountry "USA"]
[SourceTitle "playchess.com"]
[Source "ChessBase"]
[SourceQuality "1"]

{[%evp 12,78,18,3,15,16,15,8,18,13,7,7,26,21,13,11,6,23,23,4,37,0,33,0,56,31,54,0,7,0,0,-15,-10,-12,27,27,21,27,32,0,4,-239,-252,-266,-258,-255,-243,-227,-250,-250,-256,-254,-245,-351,-325,-367,-349,-886,-894,-889,-883,-940,-940,-931,-931,-926,-699,-5405,-5402]} 1. e4 e5 2. Nf3 Nc6 3. Bb5 Nf6 4. d3 Bc5 5. O-O d6 6. c3 O-O 7. Nbd2 a6 {C65: Ruy Lopez: Berlin Defence (3...Nf6), unusual lines and 4 0-0 Bc5} 8. Ba4 (8. Bxc6 bxc6 9. d4 exd4 10. cxd4 Bb6 11. Qc2 Re8 12. Re1 c5 13. d5 Bg4 14. b3 Ba5 15. Re3 {½-½ (37) Vitiugov,N (2730)-Jakovenko,D (2748) Satka 2018}) 8... h6 9. h3 b5 {The position is equal.} 10. Bc2 Re8 11. Re1 Bb6 12. Nf1 d5 13. exd5 Qxd5 {[#]} 14. Ng3 $146 Bb7 15. Bd2 Rad8 16. Qe2 Qd7 17. Rad1 Bc5 (17... Qd5 $11) 18. b4 Bf8 19. a4 bxa4 20. Ne4 Nd5 $36 {[%mdl 2048] Black has some pressure.} 21. Qf1 a3 22. Ra1 Ncxb4 23. cxb4 Nxb4 24. Bxb4 Bxb4 25. Reb1 a5 26. Nc5 $2 (26. Qe2 $11 {and White is okay.}) 26... Bxc5 $19 27. Rxb7 {[#]} Bb4 $1 28. Qd1 {Threatening Ba4.} Qc6 29. Rxb4 axb4 30. Ba4 Qd6 31. Bxe8 Rxe8 32. Qc2 (32. Ne1 $142) 32... c5 33. Kf1 Rd8 34. Ke2 $2 {[#]} (34. Ke1 Qc6 35. Qc4) 34... e4 $1 {[%mdl 512] Black is clearly winning.} 35. dxe4 Qa6+ 36. Ke3 c4 37. Nd4 b3 {[%cal Bb4b3,Bb3b2][%mdl 32]} 38. Qc3 b2 39. Rd1 Qb6 {Accuracy: White = 31%, Black = 74%.} 0-1